| 000 | 00967pam a2200289 a 4500 | ||
|---|---|---|---|
| 001 | 013833436 | ||
| 003 | Uk | ||
| 005 | 20170111153312.0 | ||
| 008 | 070829s2008 moua b 001 0 eng d | ||
| 020 | _a032304557X | ||
| 020 | _a9780323045575 | ||
| 020 | _a9788131204740 | ||
| 082 | 0 | 4 |
_a611.018931 _222 _bNAN |
| 100 | 1 |
_aNanci, Antonio. _930163 |
|
| 245 | 1 | 0 |
_aTen Cate's Oral Histology : _bDevelopment, Structure, and Function / _cAntonio Nanci. |
| 250 |
_a7th ed. / _bAntonio Nanci. |
||
| 260 |
_aSt. Louis, Mo. ; _a[London] : _bMosby, _cc2008. |
||
| 300 |
_ax, 411 p. : _bill. (some col.) ; _c29 cm. + _e1 CD-ROM. |
||
| 500 | _aPrevious ed.: 2003. | ||
| 504 | _aIncludes bibliographical references and index. | ||
| 541 | _aDonation from Baccah | ||
| 653 |
_bDent _cJune2012 _cJanuary2013 |
||
| 650 | 0 |
_930165 _aMouth _xHistology |
|
| 650 | 0 |
_930164 _aTeeth _xHistology |
|
| 700 | 1 |
_aTen Cate, A. R. _q(Arnold Richard). _tOral histology. _930166 |
|
| 942 |
_2ddc _cDN |
||
| 999 |
_c16776 _d16776 |
||